แบบทดสอบความรู้ทั่วไป #4 - Statistics

General Stats
  • This quiz has been taken 7 times
  • The average score is 3 of 10
Answer Stats
คำถาม คำตอบ % Correct
สูตรเคมี H2SO4 เป็นสูตรของกรดชนิดใด กรดกำมะถัน
67%
ร่างกายของมนุษย์มีเส้นเลือดฝอยอยู่กี่ประเภทหลัก 3
67%
ออรีโอลีน (Aureolin) เป็นเฉดสีของสีอะไร สีเหลือง
50%
ศิลปะการสร้างสวนหิน อันเป็นเอกลักษณ์ของประเทศญี่ปุ่น เรียกว่าอะไร คะเระซันซุย
33%
ใครคือผู้ที่ถูกเรียกว่าเป็น "บิดาแห่งรัฐธรรมนูญอเมริกัน" และเป็นประธานาธิบดีคนที่ 4 ของสหรัฐอเมริกา เจมส์ แมดิสัน
17%
ใครคือกษัตริย์องค์สุดท้ายของจักรวรรดิโรมันตะวันตกที่ถูกโค่นล้มในปี ค.ศ. 476 จักรพรรดิโรมุลุส เอากุสตุส
17%
อุปรากร (opera) ตะวันตกใด ที่ถูกประพันธ์บทโดย ลอเร็นโซ ดาปอนเต้ เป็นภาษาอิตาเลียน และประพันธ์ดนตรีโดย ว็อล์ฟกัง อมาเดอุส โมทซาร์ท ดอน โจวันนี
17%
ใครคือสถาปนิกชาวอิตาลีผู้ออกแบบและสร้างโดมขนาดใหญ่ของมหาวิหารฟลอเรนซ์ ในยุคฟื้นฟูศิลปวิทยา ฟีลิปโป บรูเนลเลสกี
17%
สกุลเงินของประเทศฮังการีคืออะไร โฟรินต์
17%
โรเบิร์ต เรคอร์ด เป็นผู้คิดค้นและประดิษฐ์สัญลักษณ์ใดในเชิงคณิตศาสตร์ เครื่องหมายเท่ากับ
17%
No matching quizzes found
Score Distribution
Percent of People with Each Score
Percentile by Number Answered
Your Score History
You have not taken this quiz